Druhá šance /
Třetí z řady humoristických sci-fi románů o cestování časem.
Uloženo v:
| Série: | Jedna zatracená pohroma za druhou,
část 3 |
|---|---|
| Hlavní autor: | |
| Další autoři: | |
| Médium: | E-kniha |
| Jazyk: | Czech |
| Vydáno: |
Praha :
Euromedia Group,
2023
|
| Vydání: | Vydání první |
| Témata: | |
| Příbuzné jednotky: | Z cyklu::
Jedna zatracená pohroma za druhou |
| Tagy: |
Žádné tagy |
| LEADER | 02873nam a2200517 i 4500 | ||
|---|---|---|---|
| 001 | 311941 | ||
| 003 | CZ PrSKC | ||
| 005 | 20260601215714.0 | ||
| 007 | ta | ||
| 008 | 230519s2023 xr g 000 f cze | ||
| 015 | |a cnb003502084 | ||
| 020 | |a 9788024289281 |q (vázáno) | ||
| 035 | |a (OCoLC)1389729855 | ||
| 040 | |a ABG001 |b cze |e rda | ||
| 041 | 1 | |a cze |h eng | |
| 072 | 7 | |a 821.111-3 |x Anglická próza, anglicky psaná |2 Konspekt | |
| 080 | |a 821.111-31 |2 MRF | ||
| 080 | |a (0:82-311.9) |2 MRF | ||
| 080 | |a (0:82-311.5) |2 MRF | ||
| 100 | 1 | |a Taylor, Jodi |7 xx0261006 |4 aut | |
| 240 | 1 | 0 | |a Second chance. |l Česky |
| 245 | 1 | 0 | |a Druhá šance / |c Jodi Taylor ; přeložil Roman Lipčík |
| 250 | |a Vydání první | ||
| 264 | 1 | |a Praha : |b Euromedia Group, |c 2023 | |
| 300 | |a 341 stran ; |c 22 cm | ||
| 336 | |a text |b txt |2 rdacontent | ||
| 337 | |a bez média |b n |2 rdamedia | ||
| 338 | |a svazek |b nc |2 rdacarrier | ||
| 500 | |a Na obálce uvedeno nakladatelství Laser | ||
| 500 | |a Přeloženo z angličtiny | ||
| 520 | 2 | |a Třetí z řady humoristických sci-fi románů o cestování časem. |b Jsme zpět ve Svaté Marii a Max nic nevychází. Znovu zažívá jednu zatracenou pohromu za druhou. Setká se s Isaakem Newtonem, který jí ukradne zrcátko, a navštíví bitevní pole u Azincourtu. Pak na vlastní kůži pozná, jak prostá poznávací výprava do Gloucesteru za lidovými obyčeji může vyústit v OMS, neboli otřes mozku sýrem. Dlouho očekávaná mise do Tróje v bronzové době skončí pro Max osobní katastrofou a právě ve chvíli, kdy se zdá, že horší už to být nemůže, ocitne se opět v období křídy, kde ji čeká střetnutí s odvěkým nepřítelem, který nemá co ztratit. Takže si uvařte čaj, sáhněte po čokoládových sušenkách, pohodlně se usaďte a ze všeho nejdřív zjistěte, proč všichni badatelé z oddělení historie zmodrali. Nakladatelská anotace. | |
| 655 | 7 | |a anglické romány |7 fd131814 |2 czenas | |
| 655 | 7 | |a vědecko-fantastické romány |7 fd133847 |2 czenas | |
| 655 | 7 | |a humoristické romány |7 fd132431 |2 czenas | |
| 655 | 9 | |a English fiction |2 eczenas | |
| 655 | 9 | |a science fiction novels |2 eczenas | |
| 655 | 9 | |a humorous novels |2 eczenas | |
| 700 | 1 | |a Lipčík, Roman, |d 1958- |7 jo20000071911 |4 trl | |
| 787 | 0 | 8 | |i Z cyklu: |t Jedna zatracená pohroma za druhou |g 3 |
| 900 | |a ABA001 |b 20 | ||
| 928 | 9 | |a Euromedia Group - Laser | |
| 928 | 9 | |a Laser | |
| 044 | |a xr | ||
| 910 | |a RBIT002 | ||
| 998 | |d 376210 |a https://core.palmknihy.cz/api/books/376210/cover?ruou1i |b https://core.palmknihy.cz/api/books/376210/cover/400?ruou1i |c https://core.palmknihy.cz/api/books/376210/cover/50?ruou1i |e 2027-10-20 |g 344 |i 9788024289281 |j https://core.palmknihy.cz/api/books/376210/preview.epub |l |q 49 |r 1 |s https://www.palmknihy.cz/kniha/376210 |t ebook |y 2023 |z 0 |v Jedna zatracená pohroma za druhou |w 3 | ||
| 999 | |d 311939 | ||